000 005490000a22001690004500
041 0 _aENG
082 0 4 _aG 238.7 M6653w
245 1 0 _aThe wesleyan message : Its scriptures and historical bases / 12 th annual ministers' conference Greenvile College
260 _aWinona Lake, Indiana : Light and Life
300 _a220 Pag
650 1 4 _aIGLESIA METODISTA LIBRE DE NORTE AMERICA - OBRAS POLEMICAS
001 4793
942 _cBK
999 _c35348
_d35348
336 _atexto
_btxt
_2rdacontent
337 _2rdamedia
_asin mediación
_bn
338 _2rdacarrier
_avolumen
_bnc